Responses for Show #3719 - Thursday, November 2, 2000

Brad Rutter game 4.

Contestants

[<< previous game]

Ron Labuguen, a family physician from Richmond, Virginia

Tracey Marcus, an education coordinator from Homer City, Pennsylvania

Brad Rutter, a college student from Lancaster, Pennsylvania (whose 3-day cash winnings total $34,802)

[next game >>]

Jeopardy! Round responses

THE LYNDON JOHNSON YEARS
MEDICAL ABBREV.
RECOGNIZING REPTILES
SONGS BY THE NUMBER
ON "Q"
CAMPBELL SOUP
    $100 3
Corps

Brad
    $100 2
ear, nose, & throat

Tracey
    $100 24
the crocodile

Tracey
    $100 13
911

Ron
    $100 1
quick

Ron
    $100 15
tomato

Tracey
    $200 4
Hubert Humphrey

Brad
    $200 6
dead on arrival

Brad
    $200 27
a tongue

Ron
    $200 17
"When I'm Sixty-Four"

Tracey
    $200 9
Quebec

Tracey
    $200 16
V-8

Brad
    $300 5
Guantanamo Bay

Ron
    $300 14
intensive care unit

Tracey
    $300 28
(Brad: What is a shell?)

a tail

BradTracey
    $300 19
"Mambo No. 5"

Brad
    $300 10
Quasimodo

Tracey
    $300 18
Tureens

Brad
    $400 7
(Ron: Who was Pierre Salinger?)

Bill Moyers

Ron
Triple Stumper
    $400 22
obstetrics

Tracey
    $400 29
claws

Tracey
    $400 20
"December, 1963"

Brad
    $400 11
quench

Brad
    $400 25
Prego

Brad
    $500 8
HUD

Brad
    $500 23
cardiovascular

Ron
    $500 30
change its spots

Triple Stumper
    $500 21
"1999"

Ron
    $500 12
a quadrilateral

Brad
    $500 26
Heinz

Tracey

Scores at the first commercial break (after clue 14):

Brad Tracey Ron
$1,900 $900 $100

Scores at the end of the Jeopardy! Round:

Brad Tracey Ron
$3,200 $2,900 $1,300

Double Jeopardy! Round responses

POETS & POETRY
PARENT COMPANIES
CAPITAL CITY BIRTHPLACES
5 DECADES OF TV
WORD ORIGINS
CAMPBELL SOUP
(Alex: And [*] again, but I bet you it's a different kind of category this time.)
    $200 10
Walt Whitman

Ron
    $200 26
Dole

Ron
    $200 1
London

Tracey
    $200 2
(Ron: What is Here's Lucy?)

The Lucy Show

BradRon
    $200 3
a kilt

Brad
    $200 21
Eliza Doolittle

Brad
    $400 14
Edward Lear

Triple Stumper
    $400 27
AT&T

Tracey
    $400 5
Madrid

Ron
    $400 12
Karl Malden

Ron
    $400 4
a cruller

Ron
    $400 22
Naomi Campbell

Tracey
    $1,000 15
The Odyssey

Brad
    $600 28
Palm

Ron
    $600 6
(Tracey: What is Paris?)

Warsaw

BradTracey
    $600 13
(Frank) Furillo

Brad
    $600 7
salt

Triple Stumper
    $600 23
Earl Campbell

Ron
    $800 16
Pablo Neruda

Triple Stumper
    $800 29
(Tracey: What is Southwest Airlines?)

United Airlines

Tracey
Triple Stumper
    $800 11
(Ron: What is Stockholm?)

Oslo

TraceyRon
    $800 18
Ashley

Brad
    $800 8
strategy

Triple Stumper
    $800 24
Glen Campbell

Brad
    $1000 17
Richard Cory

Brad
    $1000 30
7-Eleven

Ron
    $1,000 20
Lima

Brad
    $1000 19
Fail Safe

Brad
    $1000 9
grief

Brad
    $1000 25
Ben Nighthorse Campbell

Brad

Scores at the end of the Double Jeopardy! Round:

Brad Tracey Ron
$12,600 $3,300 $4,100
(lock game)

[wagering suggestions for these scores]

Final Jeopardy! Round responses

STATE MOTTOES
(Alex: How many of them can there be?)
(Alex: [To Tracy] That's correct; their motto was "With [*], all things are possible".)
...
(Alex: [To Brad] He came up with "What is Goo?" No, that is [*]. That's--that's a "D".)
[Laughter]
...
(Alex: No offense, folks; it just looked like "Goo" and I was being silly!)
TraceyWhat is God?
$3,300
RonWhat is God?
$2,501
BradWhat is God?
$2,600
God

Final scores:

Brad Tracey Ron
$15,200 $6,600 $6,601
4-day champion: $50,002 3rd place 2nd place

Game dynamics:

Coryat scores:

Brad Tracey Ron
$12,200 $3,300 $4,100
24 R
(including 3 DDs),
1 W
15 R,
2 W
14 R,
3 W

Combined Coryat: $19,600

[game clues] [game scores] [suggest correction]

Game tape date: 2000-09-27
The J! Archive is created by fans, for fans. Scraping, republication, monetization, and malicious use prohibited; this site may use cookies and collect identifying information. See terms. The Jeopardy! game show and all elements thereof, including but not limited to copyright and trademark thereto, are the property of Jeopardy Productions, Inc. and are protected under law. This website is not affiliated with, sponsored by, or operated by Jeopardy Productions, Inc. Join the discussion at JBoard.tv.